[Event "Tashkent zt 3.4 (Women)"]
[Site "Tashkent"]
[Date "2019.05.25"]
[Round "5"]
[White "Abdukarimova, Hilola"]
[Black "Assaubayeva, Bibissara"]
[Result "0-1"]
[WhiteElo "1910"]
[BlackElo "2381"]
[PlyCount "74"]
[EventDate "2019.05.22"]
[EventType "swiss"]
[EventRounds "9"]
[EventCountry "UZB"]
[SourceTitle "CBM 190 Extra"]
[Source "ChessBase"]
[SourceDate "2019.07.15"]
[SourceVersion "1"]
[SourceVersionDate "2019.07.15"]
[SourceQuality "1"]

1. d4 d5 2. c4 c6 3. Nc3 Nf6 4. e3 e6 5. Nf3 Nbd7 6. Bd3 dxc4 7. Bxc4 b5 8. Bd3 Bb7 9. e4 b4 10. Na4 c5 11. e5 Nd5 12. 0-0 h6 13. Re1 Be7 14. dxc5 Nxc5 15. Nxc5 Bxc5 16. Bb5+ Ke7 17. Qe2 Qb6 18. Bd3 Rhd8 19. Bd2 Rac8 20. Rac1 Kf8 21. Red1 Rd7 22. h3 a5 23. Nh2 Rcd8 24. Be4 Nf4 25. Bxf4 Rxd1+ 26. Rxd1 Bxf2+ 27. Kh1 Rxd1+ 28. Qxd1 Bxe4 29. Ng4 Bd4 30. Qd2 Ke7 31. Bg3 Qc5 32. Bh4+ Ke8 33. Nf2 Qxe5 34. Qc1 Bb7 35. Qc2 Qd5 36. Ng4 h5 37. Nh2 Qe4 0-1

[Event "UZB-ch (Women)"]
[Site "Tashkent"]
[Date "2019.05.08"]
[Round "5"]
[White "Abdukarimova, Hilola"]
[Black "Omonova, Umida"]
[Result "0-1"]
[WhiteElo "1910"]
[BlackElo "2083"]
[PlyCount "108"]
[EventDate "2019.05.04"]
[EventType "tourn"]
[EventRounds "9"]
[EventCountry "UZB"]
[SourceTitle "CBM 190 Extra"]
[Source "ChessBase"]
[SourceDate "2019.07.15"]
[SourceVersion "1"]
[SourceVersionDate "2019.07.15"]
[SourceQuality "1"]

1. Nf3 d5 2. g3 Bg4 3. Bg2 c6 4. 0-0 Nd7 5. d3 Ngf6 6. c4 e6 7. Qb3 Qb6 8. Be3 c5 9. h3 Bxf3 10. Bxf3 Be7 11. Na3 0-0 12. cxd5 exd5 13. Bxd5 Nxd5 14. Qxd5 Nf6 15. Qf3 Qe6 16. Kg2 Nd5 17. Bd2 Bf6 18. Rab1 Rfe8 19. Rfe1 Qd7 20. Nc4 b5 21. Ne3 Nc7 22. Bc3 Bd4 23. Nf5 Ne6 24. e4 Rad8 25. Red1 Qc7 26. Bd2 Be5 27. Be3 Rd7 28. Rd2 Red8 29. Rbd1 Bd4 30. Qg4 g6 31. Nxd4 Nxd4 32. Bg5 Re8 33. Qh4 f5 34. f3 Rf7 35. Bf4 Qc6 36. Qh6 Ne6 37. h4 c4 38. h5 Nxf4+ 39. gxf4 cxd3 40. e5 Rg7 41. Kh2 Qxf3 42. Rg1 g5 43. Rgg2 Qxf4+ 44. Kg1 Rxe5 45. Rd1 Qd4+ 46. Kh1 Re3 47. Qc6 Rh3+ 48. Rh2 Qe4+ 49. Qxe4 Rxh2+ 50. Kxh2 fxe4 51. Kg3 Rf7 52. Rd2 Kg7 53. Kg4 Kh6 54. b3 Rf4+ 0-1

[Event "UZB-ch (Women)"]
[Site "Tashkent"]
[Date "2019.05.05"]
[Round "2"]
[White "Yakubbaeva, Nilufar"]
[Black "Abdukarimova, Hilola"]
[Result "1-0"]
[WhiteElo "2134"]
[BlackElo "1910"]
[PlyCount "63"]
[EventDate "2019.05.04"]
[EventType "tourn"]
[EventRounds "9"]
[EventCountry "UZB"]
[SourceTitle "CBM 190 Extra"]
[Source "ChessBase"]
[SourceDate "2019.07.15"]
[SourceVersion "1"]
[SourceVersionDate "2019.07.15"]
[SourceQuality "1"]

1. d4 Nf6 2. Bf4 g6 3. Nc3 d5 4. Qd2 Bg7 5. 0-0-0 0-0 6. e3 c6 7. Kb1 b5 8. f3 Nbd7 9. h4 h5 10. Nh3 Nb6 11. Bd3 a5 12. Ne2 b4 13. Be5 Nc4 14. Bxc4 dxc4 15. e4 Qb6 16. c3 Rd8 17. Qc1 Rd7 18. Ng5 Rda7 19. cxb4 axb4 20. Qxc4 e6 21. Nc1 Ba6 22. Qb3 Qa5 23. g4 Bb5 24. Qe3 Bc4 25. b3 Bb5 26. Qf4 Qd8 27. Rd2 Ra3 28. gxh5 gxh5 29. Rg2 R8a7 30. Nxe6 fxe6 31. Bxf6 Qf8 32. Rgg1 1-0

[Event "UZB-ch (Women)"]
[Site "Tashkent"]
[Date "2019.05.04"]
[Round "1"]
[White "Orazmukhammedova, Makhim"]
[Black "Abdukarimova, Hilola"]
[Result "1-0"]
[WhiteElo "1928"]
[BlackElo "1910"]
[PlyCount "58"]
[EventDate "2019.05.04"]
[EventType "tourn"]
[EventRounds "9"]
[EventCountry "UZB"]
[SourceTitle "CBM 190 Extra"]
[Source "ChessBase"]
[SourceDate "2019.07.15"]
[SourceVersion "1"]
[SourceVersionDate "2019.07.15"]
[SourceQuality "1"]

1. d4 g6 2. c4 Bg7 3. Nc3 d6 4. e4 Nc6 5. Nf3 Bg4 6. Be3 Bxf3 7. gxf3 e5 8. d5 Nd4 9. f4 Nf6 10. fxe5 dxe5 11. Bxd4 exd4 12. Qxd4 0-0 13. Be2 Re8 14. Qd3 Qe7 15. f3 Bh6 16. Kd1 Nh5 17. Kc2 Nf4 18. Qd4 f5 19. Rae1 Ng2 20. Rb1 Ne3+ 21. Kb3 c5 22. Qd3 b5 23. Nxb5 Rab8 24. d6 Qd7 25. Kc3 a6 26. Nc7 Qg7+ 27. Kd2 Rxb2+ 28. Rxb2 Qxb2+ 29. Ke1 Qc1+ 1-0

[Event "Agzamov Memorial 12th"]
[Site "Tashkent"]
[Date "2018.04.23"]
[Round "1"]
[White "Levin, Evgeny A"]
[Black "Abdukarimova, Hilola"]
[Result "1-0"]
[WhiteElo "2543"]
[BlackElo "1888"]
[PlyCount "67"]
[EventDate "2018.04.23"]
[EventType "swiss"]
[EventRounds "9"]
[EventCountry "UZB"]
[SourceTitle "EXT 2019"]
[Source "ChessBase"]
[SourceDate "2018.10.10"]
[SourceVersion "1"]
[SourceVersionDate "2018.10.10"]
[SourceQuality "1"]

1. d4 Nf6 2. c4 g6 3. Nc3 Bg7 4. e4 d6 5. h3 0-0 6. Nf3 e5 7. d5 Nh5 8. Nh2 Qe8 9. Be2 Nf4 10. Bf3 f5 11. g3 fxe4 12. Nxe4 Nh5 13. Bg4 Nf6 14. Nxf6+ Rxf6 15. Be3 Na6 16. Nf3 c6 17. Bxc8 Qxc8 18. Ng5 Qf5 19. g4 Qd7 20. Ne4 Rf7 21. 0-0 c5 22. Kg2 Nc7 23. Rb1 a5 24. Qd2 b5 25. b3 Bf8 26. f4 Bg7 27. fxe5 Bxe5 28. Rxf7 Qxf7 29. Rf1 Qd7 30. Bf4 Qe7 31. Bg5 Qe8 32. Bf6 b4 33. Qh6 Qf8 34. Qh4 1-0